000 01654nam a22004577a 4500
001 000095059
003 CHAP
005 20250409121926.0
008 051214d2005 mx ad r 00110 spa d
010 _a91525
011 _a92497
035 _a103061
040 _cCHAP
090 _aTesis
100 1 0 _aCervantes Ángeles, Alicia
_921549
245 1 0 _aCalidad de queso tipo manchego mexicano madurado al vacio /
_c/por Alicia Cervantes Angeles.
260 _aChapingo, Méx. :
_bEl autor,
_c2005.
300 _a89 h. :
_bilus. ; gráfs. ; cuadros ; diagrama.
502 _aTesis (Ing. Agroindustrial) -- UACH. Departamento de Ingeniería Agroindustrial
590 _aALEPH
_b10
_c20130110
_lUCH01
_h1508
590 _aBATCH-UPD
_b10
_c20130110
_lUCH01
_h0710
590 _aBATCH-UPD
_b10
_c20130110
_lUCH01
_h2337
590 _aBATCH-UPD
_b10
_c20130410
_lUCH01
_h0356
590 _aBATCH-UPD
_b10
_c20130914
_lUCH01
_h1948
590 _aBATCH-UPD
_b10
_c20140324
_lUCH01
_h1453
590 _aBATCH-UPD
_b10
_c20141002
_lUCH01
_h0828
590 _aBATCH
_b00
_c20181121
_lUCH01
_h0759
590 _aCONVERSION
_b10
_c20130109
_lUCH01
_h1351
590 _aE792CSJ
_b10
_c20130617
_lUCH01
_h1106
650 1 4 _aQueso Manchego.
_993246
650 1 4 _aQueso
_xCalidad.
_993225
650 1 4 _aQueso
_xMaduración.
_993229
856 _3Finding aid
_uhttp://10.13.5.2/tesis/103061.pdf
_zTeclea aquí
856 _a1
_n0001511
901 _aBK
905 _aMarco A. Mendoza t.
942 _cCD
942 _n0
949 _aTesis
_bBC
_cTES
_d1030611
_eTS1
_gDonaciØn
_h44455
_i103061
_sb
949 _aTesis
_bBC
_cTES
_d33724000967576
_eTS2
_fc.2
_gDonaciØn
_h44456
_i103061
_si
999 _c91525
_d91525